00370pab a2200145 454500008004000000100001900040245005500059260000900114300001500123362001100138650002000149650001400169650002100183773002000204180718b2009 xxu||||| |||| 00| 0 eng d aBhosle, Smriti aEducation for empowerment and development of women c2009 ap.9-11,18. a12 Jan aGirls education aEducation aWomens education aUniversity News